00381nam a2200121Ia 4500008004100000020001500041041000800056082001100064100001200075245012800087260003600215300000800251230724s2004 xx und d a0500280320 aeng a700.92 aBAKER P aARCHITECTURE AND POLYPHONY : BUILDING IN THE ISLAMIC WORLD TODAY, THE AGA KHAN AWARD FOR ARCHITECTURE THE NINTH AWARD CYCLE bTHAMES AND HUDSON LIMITEDc2004 a175